000 00820nam a22002177a 4500
999 _c7910
_d7910
003 AR-CdUCM
008 190321b ||||| |||| 00| 0 esp d
040 _aMUNICIPALIDAD PROVINCIAL DEL CUSCO
_cBIBLIOTECA MUNICIPAL DEL CUSCO
082 _a308 /
_bK26
100 _aKautsky, Karl
_922366
245 _aEl camino del poder /
_cKarl Kautsky
260 _aMéxico :
_bGrijalbo,
_c1968.
300 _a158 paginas
_c18 cm.
440 _acolección 70
_92202
505 _aLa conquista del poder político -- Sobre los vaticinios de la revolución -- De la evolución hacia la sociedad futura -- Ni revolución ni legalidad a cualquier precio ...
650 _aPoder (Ciencias sociales)
_95003
650 _aCondiciones sociales
_91132
650 _aCondiciones económicas
_91989
942 _2ddc
_cLIBROS
945 _aacrt